=LDR 00000nam 2200000 4500 =001 INLIS000000000029021 =005 20130612131303 =008 ***********************************Ind** =035 ##$$a0010-061300000029021 =041 ##$$a Ind =082 ##$$a 813 =090 ##$$a 813, ALI g =100 ##$$a ALI, Rahmat =245 ##$$a Gipsi Laut, Rahmat Ali =260 ##$$a RajaGrafindo Persada; 2006 $b Jakarta =300 ##$$a viii, 354 hlm., 20 cm =650 ##$$a Roman Dewasa =850 ##$$a NBPNMAT =990 ##$$a 21400230/BPAP-NTB/2014 =990 ##$$a 0001/BPAP-NTB/20142014